| 000 | 01247pam a2200277 i 4500 | ||
|---|---|---|---|
| 999 |
_c4894 _d4894 |
||
| 001 | 328631 | ||
| 003 | GBCCL | ||
| 005 | 20241126110529.0 | ||
| 008 | 760128s1976 nyu b 000 0 eng | ||
| 010 | _a 75036738 | ||
| 020 |
_a0060652608 (v. 1) : _c$1.95 per vol. |
||
| 040 |
_aDLC _cDLC _dDLC |
||
| 050 | 0 | 0 |
_aBS2415 _b.L6 |
| 082 | 0 | 0 |
_a232.954 _bLOC |
| 100 | 1 |
_aLockyer, Herbert. _91921 |
|
| 245 | 1 | 0 |
_aEverything Jesus taught / _cHerbert Lockyer. |
| 250 | _a1st ed. | ||
| 260 |
_aNew York : _bHarper & Row, _cc1976. |
||
| 300 |
_a5 v. ; _c18 cm. |
||
| 490 | 0 | _aHarper jubilee books ; HJ 19-23 | |
| 504 | _aIncludes bibliographies. | ||
| 505 | 0 | _av. 1. Everything Jesus taught about Himself, God, the Holy Spirit, the Scriptures.--v. 2. Everything Jesus taught about man, sin, repentance, forgiveness, salvation, righteousness.--v. 3. Everything Jesus taught about faith, humility, money, prayer, the Sabbath, sickness, and death.--v. 4. Everything Jesus taught about love, marriage and divorce, women and children.--v. 5. Everything Jesus taught about angels, Heaven, Satan, Hell, the Kingdom, the Second Coming. | |
| 600 | 0 | 0 |
_aJesus Christ _xTeachings. _9527 |
| 906 |
_a7 _bcbc _corignew _d1 _eocip _f19 _gy-gencatlg |
||
| 942 |
_2ddc _cBK _01 |
||